ARRUPE JESUIT UNIVERSITY

CORONAVIRUS -STOP THE SPREAD - CLEAN,DISINFECT,COVER

The letter carrier / (Record no. 118724)

MARC details
000 -LEADER
fixed length control field 01061pam a2200301 a 4500
001 - CONTROL NUMBER
control field 2996405
003 - CONTROL NUMBER IDENTIFIER
control field ARRUPE
005 - DATE AND TIME OF LATEST TRANSACTION
control field 20131126143718.0
008 - FIXED-LENGTH DATA ELEMENTS--GENERAL INFORMATION
fixed length control field 930305s1993 moua b 000 0aeng
010 ## - LIBRARY OF CONGRESS CONTROL NUMBER
LC control number 93018887
020 ## - INTERNATIONAL STANDARD BOOK NUMBER
International Standard Book Number 1556126514 (hard cover : alk. paper)
020 ## - INTERNATIONAL STANDARD BOOK NUMBER
International Standard Book Number 1556126719 (pbk. : alk. paper)
040 ## - CATALOGING SOURCE
Original cataloging agency DLC
Transcribing agency DLC
Modifying agency DLC
043 ## - GEOGRAPHIC AREA CODE
Geographic area code n-us---
050 00 - LIBRARY OF CONGRESS CALL NUMBER
Classification number BX4705.L5435
Item number A3 1993
082 00 - DEWEY DECIMAL CLASSIFICATION NUMBER
Edition number 2
300 ## - PHYSICAL DESCRIPTION
Other physical details ill. ;
Dimensions 23 cm.
100 1# - MAIN ENTRY--PERSONAL NAME
Personal name Leonard, William J.
9 (RLIN) 3988
245 14 - TITLE STATEMENT
Title The letter carrier /
Statement of responsibility, etc William J. Leonard.
260 ## - PUBLICATION, DISTRIBUTION, ETC. (IMPRINT)
Place of publication, distribution, etc Kansas City, MO :
Name of publisher, distributor, etc Sheed & Ward,
Date of publication, distribution, etc c1993.
300 ## - PHYSICAL DESCRIPTION
Extent vi, 373 p. :
504 ## - BIBLIOGRAPHY, ETC. NOTE
Bibliography, etc Includes bibliographical references.
600 10 - SUBJECT ADDED ENTRY--PERSONAL NAME
Personal name Leonard, William J.
9 (RLIN) 3989
610 20 - SUBJECT ADDED ENTRY--CORPORATE NAME
Corporate name or jurisdiction name as entry element Catholic Church
Geographic subdivision United States
General subdivision Clergy
-- Biography.
9 (RLIN) 3990
610 20 - SUBJECT ADDED ENTRY--CORPORATE NAME
Corporate name or jurisdiction name as entry element Jesuits
Geographic subdivision United States
General subdivision Biography.
9 (RLIN) 3991
906 ## - LOCAL DATA ELEMENT F, LDF (RLIN)
a 7
b cbc
c orignew
d 1
e ocip
f 19
g y-gencatlg
942 ## - ADDED ENTRY ELEMENTS (KOHA)
Source of classification or shelving scheme Library of Congress Classification
Koha item type Monograph ( Printed materials)
Holdings
Withdrawn status Lost status Source of classification or shelving scheme Damaged status Not for loan Home library Current library Shelving location Date acquired Total Checkouts Full call number Barcode Date last seen Date checked out Price effective from Koha item type
    Library of Congress Classification     ARRUPE LIBRARY ARRUPE LIBRARY Main Collection 26/11/2013 1 BX4705.L5435 A3 1993 46410841 22/11/2017 04/04/2016 26/11/2013 Monograph ( Printed materials)

 

Arrupe Library. PO Box MP320 Mt Pleasant, Harare, Zimbabwe
263 242 745411|librarian@aju.ac.zw